Guess the doom sludge and noise rock artists - Statistics

General Stats
  • This quiz has been taken 12 times
  • The average score is 4 of 15
Answer Stats
Hint Answer % Correct
Bullhead Melvins
88%
Dopesick Eyehategod
63%
Times of Grace Neurosis
50%
Our problem Iron monkey
38%
Liar Jesus lizard
38%
Bridge to burn 16
25%
Crippled Lucifer Burning Witch
25%
Sore Buzzoven
25%
Venerable Ken mode
13%
Honeys Pissed Jeans
13%
Voices of omens Rwake
13%
In the eyes of god Today is the day
13%
Blood Run Unsane
13%
Sixteen Tons Weedeater
13%
Gold Whores
13%
No matching quizzes found
Score Distribution
Percent of People with Each Score
Percentile by Number Answered
Your Score History
You have not taken this quiz